Displaced Persons im Landkreis und in der Stadt Münster
| Titel: | Displaced Persons im Landkreis und in der Stadt Münster : 1945 - 1951 / von Stefan Schröder |
|---|---|
| Verfasser: | |
| Veröffentlicht: | Münster : Aschendorff, 2005 |
| Umfang: | 464 Seiten : Illustrationen, Karten ; 25 cm |
| Format: | Buch |
| Sprache: | Deutsch |
| Schriftenreihe/ mehrbändiges Werk: |
Veröffentlichungen der Historischen Kommission für Westfalen. 22, Geschichtliche Arbeiten zur westfälischen Landesforschung ; 22 |
| Hochschulschrift: | Dissertation, Universität Münster (Westfalen), 2000 |
| RVK-Notation: | |
| ISBN: | 3402067846 |
| Hinweise zum Inhalt: |
Inhaltstext
Inhaltsverzeichnis |
alg: 12933218 001A $06000:30-06-05 001B $01999:06-09-24 $t10:46:43.000 001D $00077:14-09-05 001U $0utf8 001X $00 002@ $0Aau 002C $aText $btxt $2rdacontent 002D $aohne Hilfsmittel zu benutzen $bn $2rdamedia 002E $aBand $bnc $2rdacarrier 003@ $0129332186 003O $060520177 $aOCoLC 004A $03-402-06784-6 $fPp. : EUR 29.00, sfr 50.70 004E/01 $006784 004K $09783402067840 006G $0974869945 006T $005,N22,2114 006U $007,H08,2979 $f20050510 007A $0974869945 $aDNB 007G $0DE020933725AE57660B65C12580AC00443F9C 007T $0Herdhh129332186 009P $qtext/html $A2 $3Inhaltstext $uhttp://deposit.dnb.de/cgi-bin/dokserv?id=2630010&prov=M&dok_var=1&dok_ext=htm 009P $qapplication/pdf $A2 $3Inhaltsverzeichnis $uhttp://scans.hebis.de/HEBCGI/show.pl?12933218_toc.pdf $mV:DE-603;B:DE-Mb50 010@ $ager 011@ $a2005 $n2005 013D $RWissenschaftliche Literatur $#Dissertations, Academic $#Thèses et écrits académiques $74113937-9 $8Hochschulschrift [Ts1] $9085338818 017A $asf 021A $aDisplaced Persons im Landkreis und in der Stadt Münster $d1945 - 1951 $hvon Stefan Schröder 028A $BVerfasser $4aut $D20220215 $Ecgwrk $71044410183 $8Schröder, Stefan$Z1966- [Tp3] $9333911032 033A $pMünster $nAschendorff 034D $a464 Seiten 034I $a25 cm 034M $aIllustrationen, Karten 036E $aVeröffentlichungen der Historischen Kommission für Westfalen. 22, Geschichtliche Arbeiten zur westfälischen Landesforschung $l22 036F $x222 $8Geschichtliche Arbeiten zur westfälischen Landesforschung $9007131526 $l22 037C $dDissertation $eUniversität Münster (Westfalen) $f2000 039U $aRezensiert in $8--Aox--Smolorz, Roman P.. Schröder, Stefan. Displaced Persons im Landkreis und in der Stadt Münster. - Münster : Aschendorff. - 2005 [Rezension], 2007 $939488079X 039U $aRezensiert in $8--Aox--Lensing, Helmut. Schröder, Stefan. Displaced Persons im Landkreis und in der Stadt Münster. - Münster : Aschendorff. - 2005 [Rezension], 2007 $9394914554 044K $qDNB $#Münster (Westfalen) $#Münster (Westfalen) $#Münster $#Minstere $#Monasterium $#Mjunster Westfalen $#Munster Westfalen $#Provinzialhauptstadt Münster $#Monasterii Westphaliae $#Monasteri Westphaliae $#Monasterium Westphalorum $#Monasterium Westphaliae $#Mimigernaford $#Mimigardefordum $#Münster Westfalen $#Stadt Münster Westfalen $#Münster in Westfalen $74040608-8 $8Münster (Westf) [Tg1] $908511099X 044K $qDNB $RZwangsarbeiter $RHeimatloser Ausländer $RFlüchtling $#Refugees $#Réfugiés $#Profughi $#Displaced Person $#Displaced Persons $#DP $74140484-1 $8Displaced Person [Ts1] $9085539031 044K $qDNB $74040614-3 $8Münster (Westf)$zRegion [Tg1] $9085111031 045B $a943 $eDDCoclc 045E $c943 045F $a306.0943 $eDDC23BSB 045F/01 $a306.09 045F/03 $g43 045F/03 $g47 045F/03 $g437 045F/03 $g479 045G $a900.943710904 $eDDC23BSB 045G/01 $a900 045G/03 $f0904 045G/03 $g4371 045G/03 $g4373 045G/03 $g437 045R $aGeschichte 1945-1951 045Z $8NR 4450 [Tkv] $9410923435 lok: 12933218 3 101B $027-03-07 $t13:19:28.000 101C $028-11-05 101U $0utf8 144Z/20 $aj05dez 145S/01 $a039 145S/06 $a770 145Z/01 $a900 T 100 De 5591 DP-Lager exp: 12933218 3 1 #EPN 201B/01 $028-11-05 $t14:28:51.000 201C/01 $031-10-05 203@/01 $0312231911 208@/01 $a28-11-05 $bzAa 209A/01 $a13.401.04 $du $f000 $h13 401 04 $x00 209G/01 $a13401047 $x00 247C/01 $8601000-3 <30>Frankfurt, Universitätsbibliothek J. C. Senckenberg, Zentralbibliothek (ZB) $9102598258 201U/01 $0utf8 lok: 12933218 24 101B $024-10-08 $t09:45:39.000 101C $008-12-05 101U $0utf8 145Z/01 $a3 3 H 145Z/02 $a19 3 H 145Z/03 $a31 3 H 145Z/04 $a45 3 H 145Z/05 $a46 3 H 145Z/06 $a47 3 H exp: 12933218 24 1 #EPN 201B/01 $008-12-05 $t08:59:07.000 201C/01 $009-08-05 203@/01 $0277507715 208@/01 $a08-12-05 $bz 209A/01 $a05.3569 $du $f050 $h05 3569 $x00 209C/01 $a05.3569 K $h05 3569 K 209G/01 $a70811170 $x00 220C/01 $awar/hae 247C/01 $8358050-7Marburg, Bibliothek des Herder-Instituts Marburg $9102600961 201U/01 $0utf8 lok: 12933218 25 exp: 12933218 25 1 #EPN 201B/01 $009-05-25 $t14:44:36.000 201C/01 $014-09-05 201U/01 $0utf8 203@/01 $0295158182 208@/01 $a14-09-05 $bz 209A/01 $aWJ 11-22,22 $dd $f088 $x00 209C/01 $aHSK 2005/54/III 209G/01 $a75804410 $x00 209G/01 $aMittlere und Neuere Geschichte $x01 247C/01 $8651088-7 <77/088>Mainz, Universität Mainz, Bereichsbibliothek Philosophicum, Standort Mittlere und Neuere Geschichte $9102600376 lok: 12933218 78 exp: 12933218 78 1 #EPN 201B/01 $025-11-17 $t23:46:47.000 201U/01 $0utf8 203@/01 $0792877020 208@/01 $a12-11-16 $be 209A/01 $a/ $f000 $x00 220C/01 $aTitelaufnehmer: pg 237A/01 $aBetr. u.a. polnische, slowakische und tschechische Zwangsarbeiter. - weiterführende Signatur(en): Herder-Institut: 05.3569 244Z/01 $2Trx $#Kesk- ja Ida- Euroopa kontseptsioonid $#Vidurio Europos koncepcijos $#East-Central Europe $#Keletközépeurópa-eszmék $#Europa Środkowo-Wschodnia koncepcje $#Európa stredovýchodná koncepcie $#Evropa střední, východní část koncepce $#Mitteleuropa $#Osteuropakonzeptionen $#Europa Środkowa koncepcje $#Stredná Európa koncepcie $#Střední Europa koncepce $8--Trx--Ostmitteleuropakonzeptionen $x01 $9391364286 244Z/01 $2Trx $#Poola $#Lenkija $#Polija $#Polen Land $#Poland $#Lengyelország $#Poľsko $#Polsko $8--Trx--Polska$gkraj $x02 $9391345966 244Z/01 $#Tschechien $#Tschechische Republik $#Tschechien $#Tschechische Republik $#Tschechenland $#Tschechei Tschechien $#Česká Republika $#Czech Republic $#ČR $74303381-7 $8--Tg1--Tschechien $x03 $9086659812 244Z/01 $2Trx $#Böhmen $#Bohemia $#Czechy $8--Trx--Čechy $x04 $9391188941 244Z/01 $2Trx $#Slowakische Republik $#Szlovák Köztársaság $#Republika Słowacka $#Slovenská Republika $#Slovensko $#Slowakei $#Słowacja $#Slovensko $8--Trx--Slovenská Republika $x05 $9391345796 244Z/01 $2Trx $8--Trx--Münster$gWestfalen $x06 $9391296485 244Z/01 $aGeschichte 1944-1951 $x07 244Z/01 $2Trx $#sunnitöö $#prievartinis darbas $#forced labour $#kényszermunka $#praca przymusowa $#práce nútené $#práce nucené $8--Trx--Zwangsarbeit $x08 $9391365940 244Z/01 $2Trx $8--Trx--Monographie $x09 $9391384546 244Z/01 $2Trx $8--Trx--Hochschulschrift $x10 $9391384589 245Z/01 $a06.04.04 $x01 247C/01 $82080>Marburg/Lahn, Herder-Institut, Forschungsbibliothek, Bibliographieportal $9336309341
| LEADER | 00000cam a2200000 c 4500 | ||
|---|---|---|---|
| 001 | 129332186 | ||
| 003 | DE-603 | ||
| 005 | 20240906104643.0 | ||
| 007 | tu | ||
| 008 | 050630s2005 xx |||| m u00||u|ger | ||
| 015 | |a 07,H08,2979 |z 05,N22,2114 |2 dnb | ||
| 016 | 7 | |2 DE-101 |a 974869945 | |
| 020 | |a 3402067846 |c Pp. : EUR 29.00, sfr 50.70 | ||
| 024 | 3 | |a 9783402067840 | |
| 028 | 5 | 2 | |a 06784 |
| 035 | |a (DE-599)DNB974869945 | ||
| 035 | |a (OCoLC)60520177 | ||
| 040 | |a DE-603 |b ger |c DE-603 |d DE-603 | ||
| 041 | |a ger | ||
| 082 | 0 | 4 | |8 1\u |a 306.0943 |q DE-101 |2 23/BSB |
| 083 | 0 | |8 2\u |a 900.943710904 |q DE-101 |2 23/BSB | |
| 083 | 7 | |a 943 |2 oc/lc | |
| 084 | |a 943 |q DE-101 |2 sdnb | ||
| 084 | |a NR 4450 |0 (DE-625)129358: |0 (DE-603)410923435 |2 rvk | ||
| 085 | |8 1\u |b 306.09 | ||
| 085 | |8 1\u |z 2 |s 43 | ||
| 085 | |8 1\u |z 2 |s 47 | ||
| 085 | |8 1\u |z 2 |s 437 | ||
| 085 | |8 1\u |z 2 |s 479 | ||
| 085 | |8 2\u |b 900 | ||
| 085 | |8 2\u |z 1 |s 0904 | ||
| 085 | |8 2\u |z 2 |s 4371 | ||
| 085 | |8 2\u |z 2 |s 4373 | ||
| 085 | |8 2\u |z 2 |s 437 | ||
| 090 | |a b | ||
| 100 | 1 | |a Schröder, Stefan |d 1966- |e Verfasser |4 aut |0 (DE-603)333911032 |0 (DE-588)1044410183 |2 gnd | |
| 245 | 0 | 0 | |a Displaced Persons im Landkreis und in der Stadt Münster |b 1945 - 1951 |c von Stefan Schröder |
| 264 | 1 | |a Münster |b Aschendorff |c 2005 | |
| 300 | |a 464 Seiten |b Illustrationen, Karten |c 25 cm | ||
| 336 | |a Text |b txt |2 rdacontent | ||
| 337 | |a ohne Hilfsmittel zu benutzen |b n |2 rdamedia | ||
| 338 | |a Band |b nc |2 rdacarrier | ||
| 490 | 1 | |a Veröffentlichungen der Historischen Kommission für Westfalen. 22, Geschichtliche Arbeiten zur westfälischen Landesforschung |v 22 | |
| 502 | |b Dissertation |c Universität Münster (Westfalen) |d 2000 | ||
| 648 | 7 | |a Geschichte 1945-1951 |2 gnd | |
| 650 | 7 | |a Displaced Person |0 (DE-588)4140484-1 |0 (DE-603)085539031 |2 gnd | |
| 651 | 7 | |a Münster (Westf) |0 (DE-588)4040608-8 |0 (DE-603)08511099X |2 gnd | |
| 651 | 7 | |a Münster (Westf) |0 (DE-588)4040614-3 |0 (DE-603)085111031 |2 gnd | |
| 655 | 7 | |a Hochschulschrift |2 gnd-content |0 (DE-588)4113937-9 |0 (DE-603)085338818 | |
| 787 | 0 | 8 | |i Rezensiert in |a Smolorz, Roman P. |t Schröder, Stefan. Displaced Persons im Landkreis und in der Stadt Münster. - Münster : Aschendorff. - 2005 [Rezension] |w (DE-603)39488079X |
| 787 | 0 | 8 | |i Rezensiert in |a Lensing, Helmut |t Schröder, Stefan. Displaced Persons im Landkreis und in der Stadt Münster. - Münster : Aschendorff. - 2005 [Rezension] |w (DE-603)394914554 |
| 830 | 0 | |t Geschichtliche Arbeiten zur westfälischen Landesforschung |v 22 |w (DE-603)007131526 |w (DE-600)517704-2 |9 222 |7 as | |
| 856 | 4 | 2 | |q text/html |u http://deposit.dnb.de/cgi-bin/dokserv?id=2630010&prov=M&dok_var=1&dok_ext=htm |3 Inhaltstext |
| 856 | 4 | 2 | |m V:DE-603;B:DE-Mb50 |q application/pdf |u http://scans.hebis.de/HEBCGI/show.pl?12933218_toc.pdf |3 Inhaltsverzeichnis |
| 924 | 0 | |9 30 |a (DE-603)312231911 |b DE-30 |c HES |d c |g 13.401.04 | |
| 924 | 0 | |9 Mb 50 |a (DE-603)277507715 |b DE-Mb50 |c HES |d c |g 05.3569 | |
| 924 | 0 | |9 77/088 |a (DE-603)295158182 |b DE-77-088 |c HES |d d |g WJ 11-22,22 | |
| 924 | 0 | |9 2080 |a (DE-603)792877020 |b DE-2080 |c HES |d d |g / | |


